000 01431cam a22003375i 4500
001 17775713
003 EG-ScBUE
005 20251207102902.0
008 130613t2013 nyua f b 001 0 eng d
020 _a9781627035439
040 _aEG-ScBUE
_beng
_erda
_cEG-ScBUE
_dEG-ScBUE
082 0 4 _222
_a547.756
_bPEP
245 0 0 _aPeptide synthesis and applications /
_cedited by Knud J. Jensen, Department of Chemistry, Faculty of Sciences, University of Copenhagen, Frederiksberg, Denmark, Pernille Tofteng Shelton, IGM, Faculty of Life Sciences, University of Copenhagen, Zealand Pharma, Glostrup, Denmark, Sren L. Pedersen, IGM, Faculty of Life Sciences, University of Copenhagen, Gubra, Hørsholm, Denmark.
250 _aSecond edition.
264 1 _aNew York :
_bHumana Press,
_c[2013]
264 4 _cc2013
300 _ax, 253 pages :
_billustrations ;
_c27 cm.
336 _2rdacontent
_atext
_btxt
337 _aunmediated
_2rdamedia
_bn
338 _avolume
_bnc
_2rdacarrier
490 0 _aMethods in molecular biology,
_x1064-3745 ;
_v1047
500 _aPrevious edition : 2005.
504 _aIncludes bibliographical references and index.
650 7 _aPeptides
_xSynthesis
_vLaboratory manuals.
_2BUEsh
653 _bPPhrm
_cMarch2016
655 _vReading book
700 1 _aJensen, Knud J.,
_eeditor.
700 1 _aShelton, Pernille Tofteng,
_eeditor.
700 1 _aPedersen, Soren L.,
_eeditor.
942 _2ddc
_cBB
999 _c21308
_d21280